[Event "Rafaela IRT U1700"]
[Site "Rafaela"]
[Date "2019.08.31"]
[Round "2.8"]
[White "Canale, Juan Carlos"]
[Black "Ferrato, Santiago"]
[Result "1-0"]
[WhiteElo "1539"]
[BlackElo "1278"]
[PlyCount "118"]
[EventDate "2019.08.31"]
[EventType "swiss"]
[EventRounds "6"]
[EventCountry "ARG"]
[SourceTitle "EXT 2024"]
[Source "ChessBase"]
[SourceDate "2023.10.10"]
[SourceVersion "1"]
[SourceVersionDate "2023.10.10"]
[SourceQuality "1"]

1. d4 d5 2. Bf4 Nc6 3. c3 Nf6 4. h3 g6 5. e3 Bg7 6. Bd3 0-0 7. Nf3 b6 8. 0-0 Be6 9. Nbd2 Qd7 10. Bb5 Nh5 11. Ne5 Bxe5 12. Bxe5 a6 13. Be2 f6 14. Bh2 Ng7 15. Rc1 b5 16. Nb3 Bf5 17. Nc5 Qc8 18. Bf3 Rd8 19. Re1 Ne6 20. Nd3 Ng5 21. Nc5 Ne6 22. Nxe6 Bxe6 23. e4 Bf7 24. Qd2 e5 25. Bg4 f5 26. exf5 gxf5 27. Qg5+ Bg6 28. Bh5 Rd6 29. dxe5 Re6 30. Bf3 Qd7 31. Rcd1 Ne7 32. h4 Kh8 33. Rd2 c6 34. Bd1 Qd6 35. Rde2 Qd7 36. Bc2 Rg8 37. Qd2 Bh5 38. Re3 c5 39. Bf4 d4 40. cxd4 cxd4 41. Rg3 Bg4 42. Bb3 Nd5 43. Qxd4 Rd8 44. Bg5 Rde8 45. Bxd5 h6 46. Bf4 Rd8 47. Rd3 Qc7 48. Qc3 Qxc3 49. bxc3 Re7 50. e6 Kh7 51. Ree3 Rc8 52. Bd6 Rce8 53. Bxe7 Rxe7 54. f4 h5 55. Bc6 Kg6 56. Rd7 Re8 57. Rc7 Rd8 58. e7 Ra8 59. Bxa8 Kf6 1-0

[Event "Rafaela IRT U1700"]
[Site "Rafaela"]
[Date "2019.08.31"]
[Round "3.16"]
[White "Ferrato, Santiago"]
[Black "Calderon, Claudio"]
[Result "1-0"]
[WhiteElo "1278"]
[BlackElo "1114"]
[PlyCount "66"]
[EventDate "2019.08.31"]
[EventType "swiss"]
[EventRounds "6"]
[EventCountry "ARG"]
[SourceTitle "EXT 2024"]
[Source "ChessBase"]
[SourceDate "2023.10.10"]
[SourceVersion "1"]
[SourceVersionDate "2023.10.10"]
[SourceQuality "1"]

1. e4 g6 2. Nf3 Bg7 3. Bc4 d6 4. Ng5 e6 5. d4 Nd7 6. d5 e5 7. Qf3 Qf6 8. 0-0 Qxf3 9. Nxf3 Ngf6 10. Nc3 a6 11. Bg5 b5 12. Bd3 0-0 13. a4 b4 14. Na2 Rb8 15. c3 bxc3 16. bxc3 Nc5 17. Bxf6 Bxf6 18. Bc2 Bd7 19. Nb4 a5 20. Nd3 Nxe4 21. Ndxe5 Bxe5 22. Nxe5 dxe5 23. Bxe4 Rb3 24. Rfc1 Rfb8 25. Bd3 Rb2 26. h3 Rd2 27. Rd1 Rxd1+ 28. Rxd1 Bxa4 29. Ra1 Bb5 30. Rb1 Rd8 31. Rxb5 c6 32. dxc6 Rxd3 33. c7 Rxc3 1-0